Llum de festa a Barcelona / fotografies, selecció poètica i notes per Pere Català i Roca
Descripción Física:
[137] p. : il. ; 22 cm
Materias:
Festes -- Barcelona
MARC
| LEADER | 00000nam a2200000Ia 4500 | ||
|---|---|---|---|
| 001 | 1753 | ||
| 008 | 160829s1972 xx 000 0 cat d | ||
| 080 | |a M-2-212 | ||
| 100 | |a Català i Roca, Pere |9 20872 | ||
| 245 | |a Llum de festa a Barcelona / fotografies, selecció poètica i notes per Pere Català i Roca | ||
| 260 | |a Barcelona : |b Caixa d'Estalvis Sagrada Família, |c 1972 | ||
| 300 | |a [137] p. : |b il. ; |c 22 cm | ||
| 650 | |a Festes |x Barcelona |9 20873 | ||
| 901 | |a Arxiu | ||
| 942 | |n 1 | ||
| 952 | |0 0 |1 0 |4 0 |6 M2212 |7 1 |9 41722 |a Arxiu |b Arxiu |d 2016-12-01 |l 0 |o M-2-212 |p 1753 |r 2016-12-01 00:00:00 |w 2016-12-01 |y ARXIU | ||
| 999 | |c 43612 |d 43612 | ||